Animals Ending in 'E' Picture - Statistics

General Stats
  • This quiz has been taken 23 times
  • The average score is 13 of 18
Answer Stats
Picture Hint Answer % Correct
E___E Eagle
100%
G___E Goose
100%
B____E Beetle
96%
C____E Coyote
96%
S______E Seahorse
96%
V_____E Vulture
96%
H__E Hare
91%
M__E Mole
91%
R_________E Rattlesnake
91%
T______E Tortoise
91%
P_______E Porcupine
87%
W_______E Wolverine
74%
N________E Nightingale
57%
A__-__E Aye-aye
52%
D______E Dormouse
48%
Z___E Zorse
30%
I_E Ide
26%
F___E Fluke
4%
No matching quizzes found
Score Distribution
Percent of People with Each Score
Percentile by Number Answered
Your Score History
You have not taken this quiz